[Event "BRA-ch Amateur"]
[Site "Sao Paulo"]
[Date "2015.04.02"]
[Round "5"]
[White "Herbst Neto, Eugenio"]
[Black "Pereira, Geanfrancesco"]
[Result "0-1"]
[WhiteElo "1938"]
[BlackElo "2014"]
[PlyCount "152"]
[EventDate "2015.04.30"]
[EventType "swiss"]
[EventRounds "7"]
[EventCountry "BRA"]
[SourceTitle "EXT 2022"]
[Source "ChessBase"]
[SourceDate "2021.10.06"]
[SourceVersion "1"]
[SourceVersionDate "2021.10.06"]
[SourceQuality "1"]

1. Nf3 d6 2. d4 f5 3. c4 Nf6 4. Nc3 g6 5. Bf4 Bg7 6. h3 0-0 7. e3 Qe8 8. Be2 Nbd7 9. 0-0 h6 10. h4 e5 11. dxe5 dxe5 12. Bg3 c6 13. Qd6 Nh7 14. Qd2 g5 15. Ne1 Nhf6 16. hxg5 hxg5 17. f3 Nh5 18. Bh2 f4 19. Ne4 Qe7 20. Nd3 Nb6 21. Ndf2 Be6 22. b3 Rad8 23. Qc3 Rf7 24. Rad1 Rdf8 25. Nd6 Rf6 26. e4 Rh6 27. c5 Nd7 28. Ng4 Bxg4 29. fxg4 Nhf6 30. Nf5 Qxc5+ 31. Qxc5 Nxc5 32. Nxh6+ Bxh6 33. Bf3 Ne6 34. Rc1 Rd8 35. Rfd1 Nd4 36. Kf1 Bf8 37. Bg1 Ba3 38. Rb1 a5 39. Bf2 Kf7 40. Be1 Ra8 41. Bc3 c5 42. Rd2 Ke6 43. Bxd4 cxd4 44. Rc2 Kd6 45. Rd1 Nd7 46. Kf2 Rh8 47. Be2 Nc5 48. Kf3 Kc6 49. Bc4 b5 50. Be2 Kb6 51. b4 axb4 52. Bd3 Na4 53. Be2 Bb2 54. Bd3 Bc3 55. Rb1 Nc5 56. Rd1 Rh4 57. Be2 Nd7 58. Rcc1 Nc5 59. Rh1 Rxh1 60. Rxh1 d3 61. Bd1 Kc7 62. Rh5 Ne6 63. Rh7+ Kd6 64. Rh6 Kd7 65. Rh7+ Ke8 66. Rh5 Be1 67. g3 Bxg3 68. Bb3 Nd4+ 69. Kg2 Bh4 70. Rh8+ Kd7 71. Rh7+ Kd6 72. Bd1 b3 73. axb3 Kc5 74. Re7 Kb4 75. Rxe5 Kc3 76. Rd5 Nc2 0-1

[Event "Bairro op"]
[Site "Bairro Buritizal"]
[Date "2014.04.11"]
[Round "1"]
[White "Herbst Neto, Eugenio"]
[Black "Barbosa, Rayssa A Ichimura G"]
[Result "1-0"]
[WhiteElo "1925"]
[BlackElo "1378"]
[PlyCount "57"]
[EventDate "2014.04.11"]
[EventType "swiss"]
[EventRounds "6"]
[EventCountry "BRA"]
[SourceTitle "CBM 160 Extra"]
[Source "ChessBase"]
[SourceDate "2014.07.01"]
[SourceVersion "1"]
[SourceVersionDate "2014.07.01"]
[SourceQuality "1"]

1. d4 d6 2. e4 Nf6 3. Bd3 e5 4. c3 Nbd7 5. Nf3 Be7 6. 0-0 0-0 7. Re1 c6 8. a4 a5 9. h3 Qb6 10. Nbd2 Re8 11. Nc4 Qc7 12. Ne3 Nf8 13. Nf5 Bd8 14. dxe5 dxe5 15. Be3 Bxf5 16. exf5 Nd5 17. Bg5 Nf6 18. Bc4 h6 19. Bh4 N8d7 20. Qb3 Rf8 21. Rad1 Nc5 22. Qa2 Nce4 23. Bxf6 Nxf6 24. Nxe5 b6 25. Ng6 Nd5 26. Bxd5 cxd5 27. Nxf8 Kxf8 28. Qxd5 Bf6 29. Qxa8+ 1-0

[Event "BRA-ch Amateur"]
[Site "Sao Paulo"]
[Date "2014.03.03"]
[Round "5"]
[White "Alboredo, Julia"]
[Black "Herbst Neto, Eugenio"]
[Result "1-0"]
[WhiteElo "1815"]
[BlackElo "1941"]
[PlyCount "63"]
[EventDate "2014.03.01"]
[EventType "swiss"]
[EventRounds "7"]
[EventCountry "BRA"]
[SourceTitle "EXT 2016"]
[Source "ChessBase"]
[SourceDate "2015.10.08"]
[SourceVersion "1"]
[SourceVersionDate "2015.10.08"]
[SourceQuality "1"]

1. e4 d6 2. d4 g6 3. Nc3 Bg7 4. Be3 Nf6 5. f3 c6 6. Qd2 b5 7. a3 Nbd7 8. g4 Nb6 9. d5 Nc4 10. Bxc4 bxc4 11. dxc6 Qc7 12. Nge2 Qxc6 13. Ng3 h5 14. gxh5 Nxh5 15. 0-0-0 Nf6 16. e5 Nh5 17. exd6 exd6 18. Nge4 0-0 19. Bh6 Be6 20. Rhg1 Rab8 21. Bxg7 Kxg7 22. Qg5 Rh8 23. Rxd6 Qb7 24. f4 Qxb2+ 25. Kd2 Rb6 26. Qe5+ f6 27. Qxe6 Rxd6+ 28. Qxd6 Qb7 29. f5 g5 30. h4 Qc8 31. Qe7+ Kg8 32. hxg5 1-0

[Event "Pocos de Caldas op"]
[Site "Pocos de Caldas"]
[Date "2014.02.16"]
[Round "6"]
[White "Herbst Neto, Eugenio"]
[Black "De Moraes, Pedro Henrique M"]
[Result "1/2-1/2"]
[WhiteElo "1921"]
[BlackElo "2046"]
[PlyCount "28"]
[EventDate "2014.02.14"]
[EventType "swiss"]
[EventRounds "6"]
[EventCountry "BRA"]
[SourceTitle "CBM 158 Extra"]
[Source "ChessBase"]
[SourceDate "2014.02.28"]
[SourceVersion "1"]
[SourceVersionDate "2014.02.28"]
[SourceQuality "1"]

1. Nf3 d5 2. d4 Bf5 3. e3 e6 4. Bd3 Bg6 5. Ne5 f5 6. Nd2 Nd7 7. Ndf3 Bd6 8. c4 Ngf6 9. cxd5 exd5 10. Qb3 Nb6 11. a4 a5 12. Bd2 0-0 13. 0-0 Ne4 14. Be1 Qe7 1/2-1/2

[Event "Pocos de Caldas op"]
[Site "Pocos de Caldas"]
[Date "2014.02.15"]
[Round "4"]
[White "Herbst Neto, Eugenio"]
[Black "Pires, Marcos Vinicius Tor"]
[Result "0-1"]
[WhiteElo "1921"]
[BlackElo "2244"]
[PlyCount "72"]
[EventDate "2014.02.14"]
[EventType "swiss"]
[EventRounds "6"]
[EventCountry "BRA"]
[SourceTitle "CBM 158 Extra"]
[Source "ChessBase"]
[SourceDate "2014.02.28"]
[SourceVersion "1"]
[SourceVersionDate "2014.02.28"]
[SourceQuality "1"]

1. Nf3 d5 2. d4 Nf6 3. Bf4 c5 4. c3 Qb6 5. Qc1 Nc6 6. e3 Nh5 7. Bg5 h6 8. Bh4 g5 9. Bg3 Nxg3 10. hxg3 Bg7 11. Bd3 Bg4 12. Nbd2 Rc8 13. Qb1 Bd7 14. Be2 e5 15. dxe5 Nxe5 16. Nxe5 Bxe5 17. Nf3 Bg7 18. 0-0 0-0 19. Rd1 Be6 20. a4 Rfe8 21. a5 Qc7 22. Bd3 Rcd8 23. Bh7+ Kh8 24. Bf5 Qc8 25. g4 Bxf5 26. gxf5 g4 27. Nh4 Bf6 28. g3 Bxh4 29. gxh4 Re5 30. Ra4 Rxf5 31. e4 Rh5 32. exd5 Rdxd5 33. Rxd5 Rxd5 34. Qe4 Qc6 35. Qxg4 h5 36. Qf3 Rg5+ 0-1

[Event "Pocos de Caldas op"]
[Site "Pocos de Caldas"]
[Date "2014.02.15"]
[Round "3"]
[White "Sztokbant, Bernardo Vainzoff"]
[Black "Herbst Neto, Eugenio"]
[Result "1/2-1/2"]
[WhiteElo "2210"]
[BlackElo "1921"]
[PlyCount "79"]
[EventDate "2014.02.14"]
[EventType "swiss"]
[EventRounds "6"]
[EventCountry "BRA"]
[SourceTitle "CBM 158 Extra"]
[Source "ChessBase"]
[SourceDate "2014.02.28"]
[SourceVersion "1"]
[SourceVersionDate "2014.02.28"]
[SourceQuality "1"]

1. e4 e5 2. Nf3 Nc6 3. Bb5 Nf6 4. 0-0 Nxe4 5. d4 Nd6 6. Bxc6 dxc6 7. dxe5 Nf5 8. Qxd8+ Kxd8 9. Nc3 Ke8 10. Bf4 Be6 11. h3 Bb4 12. Rfe1 Bxc3 13. bxc3 h6 14. g4 Ne7 15. Nd4 g5 16. Be3 Rd8 17. Rad1 Rd5 18. Nxe6 fxe6 19. f4 gxf4 20. Bxf4 Ra5 21. c4 Ng6 22. Bg3 h5 23. Rd3 hxg4 24. hxg4 Rxa2 25. Red1 Nf8 26. Rd8+ Kf7 27. Rf1+ Ke7 28. Rc8 Rxc2 29. Rxc7+ Kd8 30. Rcf7 Ke8 31. Rxb7 Rxc4 32. Rff7 Rxg4 33. Rbe7+ Kd8 34. Rxa7 Ke8 35. Rae7+ Kd8 36. Ra7 Ke8 37. Kf2 Rd4 38. Rae7+ Kd8 39. Ra7 Ke8 40. Rfc7 1/2-1/2

[Event "Iracemapolis op 4th"]
[Site "Iracemapolis"]
[Date "2013.11.09"]
[Round "4"]
[White "Pastana, Rafael Pedroni"]
[Black "Herbst Neto, Eugenio"]
[Result "0-1"]
[WhiteElo "1855"]
[BlackElo "1913"]
[PlyCount "82"]
[EventDate "2013.11.08"]
[EventType "swiss"]
[EventRounds "6"]
[EventCountry "BRA"]
[SourceTitle "CBM 157 Extra"]
[Source "ChessBase"]
[SourceDate "2013.12.19"]
[SourceVersion "1"]
[SourceVersionDate "2013.12.19"]
[SourceQuality "1"]

1. d4 d5 2. c4 e6 3. Nc3 Nf6 4. Nf3 Be7 5. Qc2 0-0 6. e3 c5 7. cxd5 Nxd5 8. Nxd5 Qxd5 9. Bd3 h6 10. e4 Qh5 11. e5 cxd4 12. a3 Nc6 13. g4 Qh3 14. Be4 d3 15. Qxd3 f5 16. gxf5 exf5 17. Bxc6 bxc6 18. Rg1 Be6 19. Rg3 Qh5 20. Nd4 Rad8 21. Rxg7+ Kxg7 22. Nxe6+ Kh8 23. Nxd8 Rxd8 24. Qe2 Qxh2 25. Be3 f4 26. Bxa7 f3 27. Qc4 c5 28. e6 Rd4 29. Qb5 Re4+ 30. Kd1 Qg1+ 31. Kc2 Qxf2+ 32. Kb3 Rxe6 33. Qc4 Qe3+ 34. Ka2 Rf6 35. Bb8 f2 36. Rf1 Rf8 37. Bc7 Kg7 38. Qg4+ Kh7 39. Qd7 Qe2 40. Qh3 Rf3 41. Qg2 Bf6 0-1

[Event "Sao Sebastiao op"]
[Site "Sao Sebastiao do Paraiso"]
[Date "2013.10.04"]
[Round "2"]
[White "Herbst Neto, Eugenio"]
[Black "Quintiliano Pinto, Renato Rodrigues"]
[Result "0-1"]
[WhiteElo "1912"]
[BlackElo "2355"]
[PlyCount "116"]
[EventDate "2013.10.04"]
[EventType "swiss"]
[EventRounds "6"]
[EventCountry "BRA"]
[SourceTitle "EXT 2014"]
[Source "ChessBase"]
[SourceDate "2013.11.20"]
[SourceVersion "1"]
[SourceVersionDate "2013.11.20"]
[SourceQuality "1"]

1. d4 d5 2. Nf3 e6 3. e3 Nf6 4. Bd3 c5 5. Nc3 c4 6. Be2 Nc6 7. 0-0 Rb8 8. Re1 b5 9. a3 a5 10. Bf1 b4 11. axb4 axb4 12. Ne2 Bd6 13. Ng3 0-0 14. Ng5 h6 15. Nh3 Qb6 16. Nh5 Nxh5 17. Qxh5 f5 18. f4 Bd7 19. Kh1 Ra8 20. Bd2 Ra7 21. Be2 Be7 22. Ng1 Rfa8 23. Rab1 Qd8 24. Nf3 Bf6 25. Rg1 Be8 26. Qh3 h5 27. Ne5 Bxe5 28. fxe5 g5 29. g3 g4 30. Qf1 Bg6 31. Qf4 Ra2 32. Rgc1 Qe7 33. Kg2 Nd8 34. h4 gxh3+ 35. Kxh3 Nf7 36. e4 fxe4 37. Kg2 Rf8 38. Qe3 Nh8 39. Qh6 e3 40. Qxe3 b3 41. cxb3 Bxb1 42. Rxb1 cxb3 43. Qxb3 Ra7 44. Bxh5 Qh7 45. Qd1 Qe4+ 46. Bf3 Rxf3 47. Qxf3 Qxb1 48. Qg4+ Qg6 49. Qe2 Rf7 50. b4 Qe4+ 51. Qxe4 dxe4 52. Bg5 Ng6 53. Bf6 Ne7 54. Bxe7 Rxe7 55. Kf2 Rb7 56. Ke3 Rxb4 57. Kxe4 Rb3 58. g4 Kf7 0-1

[Event "BRA-ch Amateur"]
[Site "Sao Paulo"]
[Date "2013.02.10"]
[Round "3"]
[White "Herbst Neto, Eugenio"]
[Black "Frois, Vitor Amorim"]
[Result "1/2-1/2"]
[WhiteElo "1882"]
[BlackElo "1532"]
[PlyCount "69"]
[EventDate "2013.02.09"]
[EventType "swiss"]
[EventRounds "7"]
[EventCountry "BRA"]
[SourceTitle "CBM 152 Extra"]
[Source "ChessBase"]
[SourceDate "2013.02.25"]
[SourceVersion "1"]
[SourceVersionDate "2013.02.25"]
[SourceQuality "1"]

1. Nf3 Nf6 2. d4 g6 3. Nc3 Bg7 4. e4 d6 5. h3 0-0 6. Be3 Nbd7 7. Qd2 e5 8. 0-0-0 Re8 9. Bg5 c6 10. dxe5 dxe5 11. Qd6 Re6 12. Qd2 Qa5 13. Bc4 Re8 14. Kb1 b5 15. Bd3 Nc5 16. Bxf6 Bxf6 17. Nd5 Qd8 18. Nxf6+ Qxf6 19. Qe3 Qe7 20. h4 Bg4 21. Be2 Na4 22. Rd3 Rab8 23. Ng1 Bxe2 24. Nxe2 b4 25. g4 c5 26. h5 c4 27. Rd5 g5 28. Ng3 Nc3+ 29. bxc3 bxc3+ 30. Ka1 Qa3 31. Qxg5+ Kh8 32. Qf6+ Kg8 33. Qg5+ Kf8 34. Qh6+ Kg8 35. Qg5+ 1/2-1/2

[Event "BRA-ch Amateur"]
[Site "Sao Paulo"]
[Date "2013.02.09"]
[Round "2"]
[White "Gotz, Klaus Seiji Furucho"]
[Black "Herbst Neto, Eugenio"]
[Result "1-0"]
[WhiteElo "2081"]
[BlackElo "1882"]
[PlyCount "113"]
[EventDate "2013.02.09"]
[EventType "swiss"]
[EventRounds "7"]
[EventCountry "BRA"]
[SourceTitle "CBM 152 Extra"]
[Source "ChessBase"]
[SourceDate "2013.02.25"]
[SourceVersion "1"]
[SourceVersionDate "2013.02.25"]
[SourceQuality "1"]

1. d4 Nf6 2. c4 g6 3. Nc3 Bg7 4. e4 d6 5. Be2 0-0 6. Bg5 Nbd7 7. Qd2 e5 8. d5 Nc5 9. f3 Qe8 10. g4 Bd7 11. h4 Na4 12. Nxa4 Bxa4 13. h5 c5 14. dxc6 Bxc6 15. Qxd6 Rd8 16. Qb4 Qe6 17. h6 Bh8 18. Nh3 Rd7 19. Nf2 Rfd8 20. 0-0 Rd4 21. Be3 Nd7 22. Bxd4 exd4 23. Nd3 Qf6 24. Qd2 g5 25. Kg2 Qxh6 26. Rh1 Qg6 27. Rh5 h6 28. Qa5 Re8 29. Qf5 Qxf5 30. gxf5 Bg7 31. Nf2 Nf6 32. Rhh1 h5 33. Bd3 h4 34. Rhe1 Nh5 35. Nh3 Be5 36. b4 Ba4 37. b5 f6 38. Rab1 Bd6 39. c5 Bxc5 40. Rec1 b6 41. Rc4 Bxb5 42. Rxb5 Re5 43. a4 a5 44. f4 gxf4 45. Kf3 Ng3 46. Nxf4 Nxf5 47. Rcxc5 bxc5 48. exf5 Re3+ 49. Kg4 h3 50. Bc4+ Kf8 51. Nxh3 d3 52. Nf2 d2 53. Rxc5 Re4+ 54. Kf3 Re1 55. Rd5 Rc1 56. Bb5 Rc2 57. Ne4 1-0

[Event "Paulista-ch Interior"]
[Site "Itapetininga"]
[Date "2012.11.03"]
[Round "4"]
[White "Godinho, Bruno Cesar Ferreir"]
[Black "Herbst Neto, Eugenio"]
[Result "0-1"]
[WhiteElo "1837"]
[BlackElo "1882"]
[PlyCount "78"]
[EventDate "2012.11.02"]
[EventType "swiss"]
[EventRounds "6"]
[EventCountry "BRA"]
[SourceTitle "CBM 151 Extra"]
[Source "ChessBase"]
[SourceDate "2012.12.18"]
[SourceVersion "1"]
[SourceVersionDate "2012.12.18"]
[SourceQuality "1"]

1. e4 c5 2. Nf3 a6 3. d4 cxd4 4. Nxd4 Nf6 5. Nc3 Qc7 6. Be3 e6 7. a3 b5 8. Bd3 Bb7 9. 0-0 Nc6 10. Nb3 d6 11. f4 Be7 12. f5 Ne5 13. fxe6 fxe6 14. Nd4 Qd7 15. h3 0-0 16. Qe2 Rac8 17. Rad1 Nc4 18. Bc1 Nxa3 19. e5 dxe5 20. Ndxb5 Qc6 21. Rxf6 Rxf6 22. Be4 Qb6+ 23. Be3 Bc5 24. Rd6 Bxe3+ 25. Kh1 Qc5 26. Bxb7 Rcf8 27. Bf3 Nxb5 28. Ne4 Rxf3 29. gxf3 Qa7 30. Rd3 Bf4 31. Qg2 Nd4 32. Qg4 Nf5 33. c4 Ng3+ 34. Nxg3 Qf2 35. Rd7 g6 36. Qxe6+ Kh8 37. Rxh7+ Kxh7 38. Qe7+ Kg8 39. Qe6+ Kg7 0-1

[Event "Paulista-ch Interior"]
[Site "Itapetininga"]
[Date "2012.11.02"]
[Round "1"]
[White "Herbst Neto, Eugenio"]
[Black "Fernandes, Yuri"]
[Result "1-0"]
[WhiteElo "1882"]
[BlackElo "1398"]
[PlyCount "79"]
[EventDate "2012.11.02"]
[EventType "swiss"]
[EventRounds "6"]
[EventCountry "BRA"]
[SourceTitle "CBM 151 Extra"]
[Source "ChessBase"]
[SourceDate "2012.12.18"]
[SourceVersion "1"]
[SourceVersionDate "2012.12.18"]
[SourceQuality "1"]

1. d4 d5 2. Nf3 e6 3. e3 Nd7 4. Bd3 Ngf6 5. 0-0 Bd6 6. b3 b6 7. Bb2 Bb7 8. Nbd2 Qe7 9. c4 0-0-0 10. cxd5 Nxd5 11. Nc4 Nb4 12. Nxd6+ Qxd6 13. Be2 Qc6 14. a3 Nd5 15. Rc1 Qd6 16. Qc2 f6 17. Rfd1 e5 18. dxe5 Nxe5 19. e4 Nxf3+ 20. Bxf3 Rd7 21. Bg4 Re8 22. Rxd5 Bxd5 23. exd5 Kd8 24. Bxd7 Kxd7 25. Qc6+ Kd8 26. Qxd6+ cxd6 27. Kf1 h5 28. Re1 Rf8 29. a4 Kd7 30. Ba3 a5 31. Re6 b5 32. Rxd6+ Ke7 33. Re6+ Kf7 34. Bxf8 Kxf8 35. axb5 Kf7 36. b6 Kg6 37. b7 Kf5 38. b8Q Kg4 39. Qg3+ Kf5 40. Qxg7 1-0

[Event "Paulista-ch zt"]
[Site "Itapetininga"]
[Date "2012.10.12"]
[Round "2"]
[White "Lorenzon de Carvalho, Tales Pietro"]
[Black "Herbst Neto, Eugenio"]
[Result "0-1"]
[WhiteElo "1628"]
[BlackElo "1882"]
[PlyCount "64"]
[EventDate "2012.10.12"]
[EventType "swiss"]
[EventRounds "6"]
[EventCountry "BRA"]
[SourceTitle "CBM 151 Extra"]
[Source "ChessBase"]
[SourceDate "2012.12.18"]
[SourceVersion "1"]
[SourceVersionDate "2012.12.18"]
[SourceQuality "1"]

1. d4 Nf6 2. Nf3 e6 3. e3 c5 4. Bd3 Nc6 5. c3 d5 6. 0-0 Bd6 7. Qe2 0-0 8. Nbd2 Re8 9. Re1 e5 10. dxe5 Nxe5 11. Nxe5 Rxe5 12. Nf3 Bg4 13. h3 Bh5 14. g4 Nxg4 15. Nxe5 Nxe5 16. Bxh7+ Kxh7 17. Qxh5+ Kg8 18. f4 g6 19. Qe2 Nd7 20. e4 dxe4 21. Qxe4 Nf6 22. Qxb7 c4 23. Rd1 Bc5+ 24. Kg2 Qxd1 25. Qxa8+ Kg7 26. Be3 Qe2+ 27. Kh1 Qxe3 28. Qg2 Nh5 29. Rg1 Nxf4 30. Qg3 Qxg1+ 31. Qxg1 Bxg1 32. Kxg1 Nxh3+ 0-1

[Event "Osasco op"]
[Site "Osasco"]
[Date "2012.04.20"]
[Round "2"]
[White "Herbst Neto, Eugenio"]
[Black "Aranha Filho, Alvaro Zimmermann"]
[Result "0-1"]
[WhiteElo "1895"]
[BlackElo "2278"]
[PlyCount "78"]
[EventDate "2012.04.20"]
[EventType "swiss"]
[EventRounds "6"]
[EventCountry "BRA"]
[SourceTitle "CBM 148 Extra"]
[Source "ChessBase"]
[SourceDate "2012.06.22"]
[SourceVersion "1"]
[SourceVersionDate "2012.06.22"]
[SourceQuality "1"]

1. d4 Nf6 2. Nf3 g6 3. e3 Bg7 4. Bd3 0-0 5. c4 d6 6. b3 e5 7. dxe5 dxe5 8. e4 Nc6 9. Nc3 Bg4 10. h3 Bxf3 11. Qxf3 Nd4 12. Qd1 Nh5 13. 0-0 Nf4 14. Nd5 c6 15. Nxf4 exf4 16. Rb1 Qh4 17. Qg4 Qxg4 18. hxg4 Ne6 19. b4 Rad8 20. Bc2 Nd4 21. Bd1 Be5 22. Bb2 f6 23. c5 Kg7 24. a4 Ne6 25. Bb3 Ng5 26. f3 Rd2 27. Bxe5 fxe5 28. Rfd1 Rfd8 29. Rxd2 Rxd2 30. Rd1 Rxd1+ 31. Bxd1 a5 32. Bb3 axb4 33. Kf2 h5 34. gxh5 gxh5 35. Ke2 h4 36. a5 Kf6 37. Ba4 Ne6 38. a6 bxa6 39. Kd2 Nd4 0-1

[Event "Santos Paulista-ch"]
[Site "Santos"]
[Date "2011.12.04"]
[Round "6"]
[White "Herbst Neto, Eugenio"]
[Black "De Oliveira, Sergio Aparecido"]
[Result "0-1"]
[WhiteElo "1932"]
[BlackElo "1800"]
[PlyCount "31"]
[EventDate "2011.12.02"]
[EventType "swiss"]
[EventRounds "6"]
[EventCountry "BRA"]
[SourceTitle "CBM 146 Extra"]
[Source "ChessBase"]
[SourceDate "2012.02.29"]
[SourceVersion "1"]
[SourceVersionDate "2012.02.29"]
[SourceQuality "1"]

1. e4 d6 2. d4 Nf6 3. Bd3 e5 4. c3 g6 5. h3 Bg7 6. dxe5 dxe5 7. Nf3 0-0 8. 0-0 Nbd7 9. Qe2 Qe7 10. Rd1 Rd8 11. Bc2 b6 12. b4 Ne8 13. Bg5 f6 14. Qc4+ Kh8 15. Be3 Bb7 16. Qxc7 0-1